practical microbiology / (Record no. 219626)

000 -LEADER
fixed length control field 00787pam a2200229 a 4500
001 - CONTROL NUMBER
control field 2386179
003 - CONTROL NUMBER IDENTIFIER
control field ASAB
005 - DATE AND TIME OF LATEST TRANSACTION
control field 20170215152157.0
008 - FIXED-LENGTH DATA ELEMENTS--GENERAL INFORMATION
fixed length control field 850404s1986 nyuaf b 001 0 eng
010 ## - LIBRARY OF CONGRESS CONTROL NUMBER
LC control number 85008821
020 ## - INTERNATIONAL STANDARD BOOK NUMBER
International Standard Book Number 81-219-2153-8
040 ## - CATALOGING SOURCE
Original cataloging agency DLC
Transcribing agency ASAB
Modifying agency DLC
050 00 - LIBRARY OF CONGRESS CALL NUMBER
Classification number QR41.2
Item number .A83 1986
082 00 - DEWEY DECIMAL CLASSIFICATION NUMBER
Classification number 576
Edition number 19
245 10 - TITLE STATEMENT
Title practical microbiology /
Statement of responsibility, etc. R.C. Dubey
260 ## - PUBLICATION, DISTRIBUTION, ETC.
Place of publication, distribution, etc. New Delhi
Name of publisher, distributor, etc. S. chand and company
Date of publication, distribution, etc. c2002
300 ## - PHYSICAL DESCRIPTION
Extent 397 p.
Other physical details ill. (some col.) ;
Dimensions 26 cm.
504 ## - BIBLIOGRAPHY, ETC. NOTE
Bibliography, etc. note Includes bibliographies and index.
650 #0 - SUBJECT ADDED ENTRY--TOPICAL TERM
Topical term or geographic name entry element Microbiology.
906 ## - LOCAL DATA ELEMENT F, LDF (RLIN)
a 7
b cbc
c orignew
d 1
e ocip
f 19
g y-gencatlg
942 ## - ADDED ENTRY ELEMENTS (KOHA)
Source of classification or shelving scheme
Koha item type Book
Holdings
Withdrawn status Lost status Source of classification or shelving scheme Damaged status Not for loan Collection code Permanent Location Current Location Date acquired Total Checkouts Full call number Barcode Date last seen Price effective from Koha item type
            Atta-ur-Rahman School of Applied Biosciences (ASAB) Atta-ur-Rahman School of Applied Biosciences (ASAB) 02/15/2017   576 DUB ASAB2104 02/16/2017 02/15/2017 Book
© 2023 Central Library, National University of Sciences and Technology. All Rights Reserved.